000 00698nam a22002297a 4500
005 20251108164859.0
008 250721s1981 xx 000 0 ara d
082 1 4 _a962.02/رتش
100 1 _aرتشتين، تيودور
245 1 0 _aتاريخ المسألة المصرية 1875-1910 /
250 _aط2.
264 1 _aبيروت :
_bدار الوحدة،
_c1981.
300 _a281ص
500 _aترجمة كتاب خراب مصر
650 1 7 _aتاريخ مصر
650 1 7 _aالتاريخ السياسي
650 1 7 _aتاريخ مصر
700 1 _aالعبادي، عبد الحميد
_eترجمة
700 1 _aبدران، محمد
942 _2ddc
_cBK
999 _c16552
_d16552